01070 2200337 4500001002100000005001500021035002000036007000300056008004100059020002200100082001400122084001600136100003500152245011200187250003500299300005400334650000900388504002500397264003200422336002100454337003000475338002300505040002200528090002200550850001200572999002200584700004700606700002800653700002900681990002200710INLIS00000000087891920230531105914 a0010-0523000796ta230531s2023 yoia g | ind d a978-623-02-6060-504223a613.2 a613.2 ERR b0 aErri Larene Safika,ePengarang10aBuku ajar ilmu gizi dasar /cErri Larene Safika, Ratih Wirapuspita Wisnuwardani, Nurul Afiah, Reny Noviasty aCetakan Pertama: Februari 2023 ax, 104 halaman :btabel, gambar berwarna ;c23 cm 4aGizi atermasuk bibliografi31aSleman :bDeepublish,c2023 2rdacontentateks 2rdamediaatanpa perantara 2rdacarrieravolume aYOPDYOGbinderda aCB-D.11 2023-0515 aYOPDYOG aCB-D.11/2023-05150 aRatih Wirapuspita Wisnuwardani,ePengarang0 aNurul Afiah,ePengarang0 aReny NoviastyePengarang aCB-D.11/2023-0515